| 000 | 01089 a2200337 4500 | ||
|---|---|---|---|
| 001 | 200422562 | ||
| 999 |
_c200422562 _d39557 |
||
| 003 | TR-AnTOB | ||
| 005 | 20190829151409.0 | ||
| 008 | 150729s tu 000 0 | ||
| 020 | _a9780821373460 | ||
| 040 |
_aTR-AnTOB _btur _erda |
||
| 041 | 0 | _aeng | |
| 050 | 0 | 0 |
_aLB2822.3.A35 _bW67 2008 |
| 090 | _aLB2822.3.A35.W67 2008 | ||
| 245 | 1 | 0 | _aGovernance, management, and accountability in secondary education in Sub-Saharan Africa. |
| 264 |
_aWashington, D.C. : _bWorld Bank, _c2008 |
||
| 300 |
_axxiv, 76 p. : _bill. ; _c26 cm. |
||
| 336 |
_atext _2rdacontent |
||
| 337 |
_aunmediated _2rdamedia |
||
| 338 |
_avolume _2rdacarrier |
||
| 490 | 0 | _aAfrica human development series | |
| 490 | 0 |
_aWorld Bank working paper ; _vno. 127 |
|
| 590 | _aDünya Bankası / TEPAV | ||
| 650 | 0 | 0 |
_aEducational accountability _zAfrica _9108179 |
| 650 | 0 | 0 |
_aSchool improvement programs _zAfrica _9108180 |
| 650 | 0 | 0 |
_aEducation, Secondary _zAfrica _9108181 |
| 650 | 0 | 0 |
_aHigh schools _zAfrica _xAdministration _9108182 |
| 710 | 1 |
_aWorld Bank _919811 |
|
| 942 | _cBK | ||